000 00301nam a2200121Ia 4500
008 191206s9999 xx 000 0 und d
090 _aPZ3.B4414
245 0 _asecret spring
260 _a"Dodd, Mead and company"
260 _cc1920
300 _a"2 p.l., 284 p. 19 cm."
999 _c16872
_d16872